Anwar-I-Suhaili, Or Lights of Canopus (Record no. 2638)
[ view plain ]
| 000 -LEADER | |
|---|---|
| fixed length control field | 00645nam a2200253 a 4500 |
| 020 ## - INTERNATIONAL STANDARD BOOK NUMBER | |
| ISBN | |
| 082 00 - DEWEY DECIMAL CLASSIFICATION NUMBER | |
| Classification number | 891.553 |
| Author Cutter | KAS |
| 100 ## - MAIN ENTRY--AUTHOR NAME | |
| Author name | Kashfi, Waiz |
| 245 ## - TITLE STATEMENT | |
| Title | Anwar-I-Suhaili, Or Lights of Canopus |
| Sub title | Commonly Known as Kalilah and Damana |
| 260 ## - PUBLICATION, DISTRIBUTION, ETC. (IMPRINT) | |
| Place of publication | London |
| Name of publisher | John Murray |
| Year of publication | 1904 |
| 300 ## - PHYSICAL DESCRIPTION | |
| Number of Pages | 504p |
| 500 ## - GENERAL NOTE | |
| General note | includes index and biblioraphy |
| 505 2# - FORMATTED CONTENTS NOTE | |
| Formatted contents note | Indexes |
| 650 ## - SUBJECT ADDED ENTRY--TOPICAL TERM | |
| Topical Term | Persian Literature |
| 650 ## - SUBJECT ADDED ENTRY--TOPICAL TERM | |
| Topical Term | Panchatantra |
| 942 ## - ADDED ENTRY ELEMENTS (KOHA) | |
| Koha item type | Books |
| 700 1# - | |
| -- | Kashfi, Waiz |
| Home library | Current library | Date acquired | Cost, normal purchase price | Full call number | Accession Number | Koha item type |
|---|---|---|---|---|---|---|
| Henry Martyn Institute Library | Henry Martyn Institute Library | 06/04/2007 | 100.00 | 891.553 KAS | 851 | Archive Book |
